British Honduras : a historical and contemporary survey /

Bibliographic Details
Main Author: Waddell, D. A. G. (David Alan Gilmour), 1927-
Format: Book
Language:English
Published: Westport, Conn. : Greenwood Press, 1981
Subjects:

MARC

Tag First Indicator Second Indicator Subfields
LEADER 00000pam a2200000 a 4500
001 in00000069913
005 20151008055917.0
008 810316r1981 ctub b 00110 eng
010 |a  81005034  
020 |a 0313229929 (lib. bdg.) 
035 |a (OCoLC)07307483 
035 |9 AAJ4695AM 
039 0 |a 2  |b 3  |c 3  |d 3  |e 3 
040 |a DLC  |c DLC  |d TXA  |d UtOrBLW 
043 |a ncbh--- 
049 |a TXAM  |c [1804909] 
050 0 0 |a F1443  |b .W3 1981 
082 0 |a 972.82  |2 19 
100 1 |a Waddell, D. A. G.  |q (David Alan Gilmour),  |d 1927- 
245 1 0 |a British Honduras :  |b a historical and contemporary survey /  |c by D.A.G. Waddell. 
264 1 |a Westport, Conn. :  |b Greenwood Press,  |c 1981 
264 4 |c ©1961 
300 |a vii, 151 pages :  |b map ;  |c 23 cm. 
336 |a text  |b txt  |2 rdacontent 
337 |a unmediated  |b n  |2 rdamedia 
338 |a volume  |b nc  |2 rdacarrier 
500 |a Reprint. Originally published: London ; New York : Oxford University Press. 
500 |a Includes index. 
504 |a Bibliography: pages 143-146. 
651 0 |a Belize. 
999 |a MARS 
999 f f |s de088a8f-6a39-37cb-a39c-2b45c798b958  |i 2575599a-439c-3c19-8fed-33d1e8ed40dc  |t 0 
952 f f |p normal  |a Texas A&M University  |b College Station  |c Sterling C. Evans Library  |d Evans: Library Stacks  |t 0  |e F1443 .W3 1981  |h Library of Congress classification  |i unmediated -- volume  |m A14806111775 
998 f f |a F1443 .W3 1981  |t 0  |l Evans: Library Stacks